| 000 | 01183nam a22003377a 4500 | ||
|---|---|---|---|
| 003 | CHAP | ||
| 005 | 20220329143341.0 | ||
| 008 | 081104s2005 us r 00110 spa d | ||
| 010 | _a95349 | ||
| 011 | _a96321 | ||
| 035 | _a106971 | ||
| 040 | _cCHAP | ||
| 090 | _aFolleto 17377 | ||
| 110 | 0 |
_aCEPAL _921292 |
|
| 245 | 1 | 3 |
_aEl Tratado de Libre Comercio Centroamérica-Estados Unidos: _bimplicaciones fiscales para los paises centroamericanos _c/por Igor Paunovic |
| 260 |
_aNueva York : _bNaciones Unidas, _c2005. |
||
| 300 |
_a32 p. : _btablas, |
||
| 490 | 0 |
_aEstudios y perspectivas _v; 34 |
|
| 590 |
_aBATCH-UPD _b10 _c20130110 _lUCH01 _h0525 |
||
| 590 |
_aBATCH-UPD _b10 _c20130410 _lUCH01 _h0205 |
||
| 590 |
_aBATCH-UPD _b10 _c20130914 _lUCH01 _h1014 |
||
| 590 |
_aCONVERSION _b10 _c20130109 _lUCH01 _h1353 |
||
| 650 | 1 | 4 |
_aAmerica Central _xCondiciones economicas. _95371 |
| 650 | 1 | 4 |
_aComercio _xAmérica Central. _925559 |
| 650 | 1 | 4 |
_aInversiones extranjeras _xAmérica Central. _960194 |
| 700 | 1 |
_aPaunovic, Igor _986285 |
|
| 830 | 0 |
_aEstudios y perspectivas _v; 34 _938568 |
|
| 901 | _aBK | ||
| 942 | _cFOLL | ||
| 949 |
_aFolleto 17377 _bBC _cFOLL _d33724002058165 _eTS1 _i106971 _st |
||
| 999 |
_c95349 _d95349 |
||